LEADER 01366nam a2200289 4500 001 000000360915 003 CaOOAMICUS 005 20241128103102.0 008 241128s2024 xxk 000 u eng r 020 $a978-0-567-70860-1$c(pb) 020 $a978-0-567-70861-8$c(hb) 040 $aSeMil$bita 100 1 $aHabets, Myk,$d<1971- >.$0(OLS)http://semarc/name/121034 245 10$aStarting with the spirit :$bthe T&T Clark introduction to Third Article Theology /$cMyk Habets and Gregory J. Liston. 264 1$aLondon [etc.] :$bT&T Clark,$c2024. 300 $axi, 241 p. ;$c23 cm 650 4$aThird Article Theology (TAT).$0(OLS)http://semarc/subject/56724 650 4$aPneumatologia.$0(OLS)http://semarc/subject/1581 650 4$aSpirito Santo - Teologia.$0(OLS)http://semarc/subject/1154 700 1 $aListon, Gregory J.$0(OLS)http://semarc/name/121037 850 $aSeMil 852 $aSeMil$W1$xVenegono$y1$m2B VI 6$j252671$B251904$CSeMilBibl$Z2$F251904 $81 996 $6020$a978-0-567-70860-1$c(pb)$9(OLS)http://semarc/number/301913 996 $6020$a978-0-567-70861-8$c(hb)$9(OLS)http://semarc/number/301914 996 $6245$aStarting with the spirit :$bthe T&T Clark introduction to Third Article Theology$9(OLS)http://semarc/title/451510 996 $6264$aLondon [etc.] :$bT&T Clark$9(OLS)http://semarc/publisher/59917 LEADER 01392nam a2200241 i 4500 001 000000030370 003 CaOOAMICUS 005 20180830125449.0 008 180830s1896 fr u000 u und u 040 $aSeMil$bita 100 1 $aCornely, Rudolf .$0(OLS)http://semarc/name/5769 245 10$aCommentarius in s. Pauli apostoli Epistolas /$cauctore Rudolpho Cornely. 260 $aParisiis :$bLethielleux,$c1896. 300 $a5 v. ;$c24 cm. 773 0 $tCommentariorum in Nov. Test. Pars 1., in Libros historicos.$dParis : Lethielleux, 1937.$kCursus Scripturae Sacrae$w()29577 773 0 $tCommentariorum in Vet. Test. Pars 2., in Libros didacticos.$dParisiis : Sumptibus P. Lethielleux, 1886.$kCursus Scripturae Sacrae$w()30361 774 0 $tEpistola ad Romanos.$kCursus Scripturae Sacrae$g1$w()232179 774 0 $tPrior epistola ad Corinthios.$kCursus Scripturae Sacrae$g2$w()232180 774 0 $tEpistolae ad Corinthios altera et ad Galatas.$kCursus Scripturae Sacrae$g3$w()232181 774 0 $tEpistolae ad Ephesos, ad Philippenses et ad Colossenses.$kCursus Scripturae Sacrae$g4$w()232182 774 0 $tEpistolae ad Thessalonicenses, ad Timotheum, ad Titum et ad Philemonem.$kCursus Scripturae Sacrae$g5$w()232183 996 $6245$aCommentarius in s. Pauli apostoli Epistolas$9(OLS)http://semarc/title/41336 996 $6260$aParisiis :$bLethielleux$9(OLS)http://semarc/publisher/33302